Purgatorio

Saved in:
書目詳細資料
主要作者: Zurita, Raúl (Author)
格式: 圖書
語言:西班牙语
出版: Santiago Universidad Diego Portales 2007
版:1a. ed
叢編:Colección Poesía
主題:
標簽: 添加標簽
沒有標簽, 成為第一個標記此記錄!

MARC

LEADER 00000cam a2200000 a 4500
001 UCG8446
003 CL-VaPUC
008 111212e20070400CL |||||||||||||||||spa|d
020 |a 9789563140064 
082 0 4 |a Ch861  |b ZUR  |2 21 
100 |a Zurita, Raúl  |e author  |9 458976 
245 1 0 |a Purgatorio 
250 |a 1a. ed 
300 |a 61 p 
942 |c BK 
945 |d 20111212 00:00:00  |a dcastane 
260 |a Santiago  |b Universidad Diego Portales  |c 2007 
650 0 |a Poesías chilenas   |9 265280 
650 0 |a Literatura chilena   |9 308278 
583 |a last modification  |c 20111212 13:13:00  |k Rodrigo Vera 
490 0 |a Colección Poesía 
999 |c 346056  |d 346054 
952 |0 0  |1 0  |4 0  |6 CH_861_000000000000000_ZUR_2007  |7 0  |8 A  |9 446538  |a BIBART  |b BIBART  |d 2019-11-22  |i 4812247  |l 6  |o Ch861 ZUR 2007  |p 4812247  |r 2025-04-28  |s 2025-03-04  |w 2019-11-22  |y BK  |k ART 
952 |0 0  |1 0  |4 0  |6 CH_861_000000000000000_ZUR_2007  |7 0  |8 A  |9 446539  |a FDOPOS  |b FDOPOS  |d 2019-11-22  |i 4817621  |o Ch861 ZUR 2007  |p 4817621  |r 2023-08-09  |w 2019-11-22  |y BK  |k DLH 
952 |0 0  |1 0  |3 erb  |4 0  |6 CH_861_000000000000000_ZUR_2007  |7 0  |8 R  |9 446540  |a BIBEDU  |b BIBEDU  |c MCIRC  |i 5138078  |o Ch861 ZUR 2007  |p 5138078  |r 2023-01-13  |w 2019-11-22  |y BK_R  |z Catalogado en:20150305  |k LIT